=LDR 00000nam 2200000 4500 =001 INLIS000000000039719 =005 20130612145330 =008 ***********************************Ind** =035 ##$$a0010-061300000039719 =041 ##$$a Ind =082 ##$$a 796.346 =090 ##$$a 796.346 =100 ##$$a Greg Brittenham =245 ##$$a Bola Basket =260 ##$$a 2002 $b Jakarta =300 ##$$a 193 hlm, 26 =850 ##$$a NBPNMAT =990 ##$$a 21195221/BPAP-NTB/2014